00403nam a2200169 a 450000100060000000300090000600800410001502000150005604000280007108200150009910000160011424500230013026000310015330000110018449000160019565000220021122440CO-ViMGA141112s2004 ck r 000 u spa d a9580429693 aCO-ViMGAbspacCO-ViMGA04a813.5 S74a1 aStine, R.L.10aAlejate del sotano aBogotá : bNorma, c1997 a119 p. aEscalofrios14aCUENTOS DE TERROR